000 00316nam a2200109Ia 4500
008 171211s9999 xx 000 0 und d
245 _aElectr Hea Rec Al Hlth Careers
245 _cKathleen McCormick and Virginia Saba
260 _c2008
650 _xBUSINESS
856 _uhttp://down.ebook777.com/062/0073401978.pdf
999 _c349498
_d349498